MARC details
| 000 -CABECERA |
| campo de control de longitud fija |
01247ngm a2200229 a 4500 |
| 005 - FECHA Y HORA DE LA ÚLTIMA TRANSACCIÓN |
| campo de control |
20240110063542.0 |
| 008 - ELEMENTOS DE LONGITUD FIJA--INFORMACIÓN GENERAL |
| campo de control de longitud fija |
991125s1986 mx 300 d daspa u |
| 035 ## - NÚMERO DE CONTROL DEL SISTEMA |
| Número de control de sistema |
UPN01000000230 |
| 049 ## - COLECCIÓN |
| Colección |
AV |
| 050 #4 - SIGNATURA TOPOGRÁFICA DE LA BIBLIOTECA DEL CONGRESO |
| Número de clasificación |
PVI nos.25-26 |
| 245 03 - MENCIÓN DE TÍTULO |
| Título |
Un abrazo completo [videograbación] / |
| Mención de responsabilidad, etc. |
real. Jorge Luis Ramírez ; prod. Verónica Valle Armas. |
| 260 ## - PUBLICACIÓN, DISTRIBUCIÓN, ETC. |
| Lugar de publicación, distribución, etc. |
México : |
| Nombre del editor, distribuidor, etc. |
UTEC, |
| Fecha de publicación, distribución, etc. |
1986. |
| 300 ## - DESCRIPCIÓN FÍSICA |
| Extensión |
2 videocasete (Beta) (300 min.) : |
| Otras características físicas |
son., col. |
| 505 8# - NOTA DE CONTENIDO CON FORMATO PREESTABLECIDO |
| Nota de contenido con formato |
Contenido: |
| Información miscelánea |
v.1. |
| Título |
El recién nacido II -- Los sentidos I -- Los sentidos II -- Coordinación I -- Coordinación II -- Motricidad I -- Motricidad II -- |
| Información miscelánea |
v.2. |
| Título |
Resumen 0-1 años -- El juego -- Area física -- Area afectiva -- Desarrollo |
| 520 ## - NOTA DE RESUMEN, ETC. |
| Sumario, etc. |
"Unidad Coordinadora de Proyectos Estratégicos. Proyecto no. 07" |
| 520 ## - NOTA DE RESUMEN, ETC. |
| Sumario, etc. |
"Diseño de la Serie Dirección General de Educación Preescolar" |
| 520 ## - NOTA DE RESUMEN, ETC. |
| Sumario, etc. |
Sumario: Presentación de los cuidados que debe tener el recién nacido hasta los dos años. Se proporcionan comentarios básicos sobre la alimentación, higiene, salud y desarrollo del comportamiento del bebé. Dirigido a los padres |
| 650 #4 - ASIENTO SECUNDARIO DE MATERIA - TERMINO TEMATICO |
| Término de materia o nombre geográfico como elemento de entrada |
Niños |
| Subdivisión general |
Salud e higiene |
| 9 (RLIN) |
4876 |
| 650 #4 - ASIENTO SECUNDARIO DE MATERIA - TERMINO TEMATICO |
| Término de materia o nombre geográfico como elemento de entrada |
NIÑOS LACTANTES |
| 650 #4 - ASIENTO SECUNDARIO DE MATERIA - TERMINO TEMATICO |
| Término de materia o nombre geográfico como elemento de entrada |
NIÑOS RECIEN NACIDOS |
| 9 (RLIN) |
15579 |
| 905 ## - TIPO DE MATERIAL |
| Tipo de material |
Audiovisuales |